| 000 | 00550nam a22002057a 4500 | ||
|---|---|---|---|
| 003 | OSt | ||
| 005 | 20140310182844.0 | ||
| 008 | 130610t xxu||||| |||| 00| 0 eng d | ||
| 020 | _a0816716773 | ||
| 050 |
_aGV 1493 _b.J76 1989 |
||
| 082 |
_aM 793.73 _bJ71 1989 |
||
| 245 |
_aBrain teasers & mind benders / _cJones, Charles Booth |
||
| 260 |
_aNew Jersey : _bWatermill Press, _c1989 |
||
| 300 |
_a76 p. : _bill. ; _c76 cm. |
||
| 521 | _acollege students | ||
| 526 | _c1210L-1700L | ||
| 541 | _j1 | ||
| 562 | _e1 | ||
| 942 |
_2lcc _cBK _kM |
||
| 999 |
_c16895 _d16895 |
||